00311nam a22001337a 4500003000400000008004100004020001800045082001500063100000900078245002200087250001100109260004800120300000900168OSt260223b |||||||| |||| 00| 0 eng d a9781250006240 a299.93 OSB aOSHO aThe Book of Women a1st Ed aNew DelhibKabdwal Book Internationalc2025 a203p